000 00562nam a22001697a 4500
999 _c9779
_d9779
003 GBCCL
005 20241126110718.0
008 230719b ||||| |||| 00| 0 eng d
020 _a9780310496052
040 _cgbc
082 _a261.5503
_bDIC
245 _aDictionary of Christianity and science :
_bthe definitive reference for the intersection of Christian faith and contemporary science /
_cCopan, Paul et. al,
260 _aGrand Rapids :
_bZondervan ,
_c2017
300 _a691p.;
650 _aReligion and Science
_vDictionaries
_917004
942 _2ddc
_cREF